Fandomstuck Characters (Incomplete) Quiz Stats

 Plays Quiz not verified by Sporcle

Challenge
Share
Tweet
Embed
Score 0/55 Timer 12:00
0 Plays Today
Medium Fandom % Correct
Book/MovieHarry Potter
100%
WebcomicHomestuck
92.3%
TV ShowDoctor Who
92.3%
Movie CompanyDisney
87.5%
Webcomic/Manga/AnimeAxis Powers: Hetalia
84.6%
TV ShowSherlock
84.6%
CartoonAdventure Time
84.6%
Book/MusicalBe More Chill
80%
TV ShowSupernatural
76.9%
Internet-OnlyCreepypasta
76.9%
Movie/ComicThe Avengers
75%
PodcastWelcome to Night Vale
75%
CartoonGravity Falls
75%
Video GameUndertale
69.2%
Video GameFallout
69.2%
Video GameSonic the Hedgehog
69.2%
CartoonMy Little Pony: Friendship is Magic
69.2%
CartoonRick and Morty
62.5%
CartoonAvatar: The Last Airbender
62.5%
MusicVocaloid
61.5%
Book/MoviePercy Jackson & the Olympians
60%
Video GameThe Legend of Zelda
60%
WebcomicProblem Sleuth
53.8%
WebcomicIntermission
53.8%
Video GameAnimal Crossing
53.8%
Anime/Video GameLove Live: School Idol Project
53.8%
Video GameVVVVVV
53.8%
Video GamePersona 4
53.8%
Medium Fandom % Correct
CartoonStar VS The Forces of Evil
50%
CartoonSteven Universe
50%
Anime/MangaNo Matter How I Look at it, It's you Guys Fault I'm not Popular
50%
Anime/MangaDragon Ball
50%
BookLevithian
46.2%
Video GameKingdom Hearts
46.2%
Video GameBIT.TRIP
46.2%
Webcomic/MovieScott Pilgrim
40%
Book.MovieThe Hunger Games
40%
Anime/MangaShingeki no Kyojin
40%
Anime/MangaFairy Tail
40%
Video Game CompanyNintendo
40%
Video Game/AnimePokemon
40%
MusicEurovision
37.5%
Anime/MangaTokyo Ghoul
37.5%
AnimeYuri!!! on Ice
37.5%
Anime/MangaPanty & Stocking with Garterbelt
25%
TV ShowSpiral
23.1%
Anime/MangaPuella Magi Madoka Magica
20%
Book/Animated MovieAlice in Wonderland
20%
AnimeDigimon
20%
Video GameBeyond: Two Souls
20%
Video GamePersona 3
20%
Video GameMighty No. 9
15.4%
BookKeeper of the Lost Cities
0%
Video GameTales Series
0%
Video GameJourney
0%

You're not logged in!

Compare scores with friends on all Sporcle quizzes.
OR
Log In

You Might Also Like...

Show Comments

Extras

Created Aug 3, 2017ReportNominate
Tags:character, incomplete

Top Quizzes Today


Score Distribution

Your Account Isn't Verified!

In order to create a playlist on Sporcle, you need to verify the email address you used during registration. Go to your Sporcle Settings to finish the process.

Report this User

Report this user for behavior that violates our Community Guidelines.

Details: